[Event "Chambly op"]
[Site "Chambly CAN"]
[Date "2022.04.01"]
[Round "1.7"]
[White "Zheng, Richard"]
[Black "Bain-Thouverez, Aurelien"]
[Result "1-0"]
[WhiteElo "2170"]
[BlackElo "1763"]
[PlyCount "73"]
[EventDate "2022.04.01"]
[EventType "swiss"]
[EventRounds "5"]
[EventCountry "CAN"]

1. d4 d5 2. c4 e6 3. Nc3 Nf6 4. cxd5 exd5 5. Bg5 Be7 6. Qc2 Nc6 7. e3 Nb4 8.
Qb1 g6 9. Qd1 Bf5 10. Rc1 O-O 11. a3 Nc6 12. Bd3 Ne4 13. Bh6 Re8 14. Nxe4 Bxe4
15. Bxe4 dxe4 16. Nh3 Qd5 17. O-O Rac8 18. Qg4 Bf8 19. Bf4 Qe6 20. Qxe6 fxe6
21. Ng5 e5 22. dxe5 Nxe5 23. Nxe4 Bg7 24. Rfd1 Rcd8 25. Bg5 Rxd1+ 26. Rxd1 Nc4
27. Nf6+ Bxf6 28. Bxf6 Kf7 29. Bc3 Ke6 30. Kf1 b5 31. b3 Nxa3 32. Ra1 b4 33.
Bxb4 Nc2 34. Ra6+ Kd5 35. Ra5+ Ke4 36. Ke2 Rd8 37. f3# 1-0

[Event "Chambly op"]
[Site "Chambly CAN"]
[Date "2022.04.01"]
[Round "1.8"]
[White "Jiang, Barron Jiyu"]
[Black "Adam, Rafael"]
[Result "0-1"]
[WhiteElo "1730"]
[BlackElo "2023"]
[PlyCount "68"]
[EventDate "2022.04.01"]
[EventType "swiss"]
[EventRounds "5"]
[EventCountry "CAN"]

1. e4 e5 2. Nf3 Nc6 3. d4 exd4 4. Nxd4 Bc5 5. Nb3 Bb6 6. a4 a5 7. Bd3 Nge7 8.
O-O O-O 9. Nc3 Nb4 10. Bc4 d6 11. Qe2 Be6 12. Bg5 Qd7 13. Rad1 f6 14. Bc1 Kh8
15. Nd5 Nexd5 16. exd5 Bg4 17. Qe4 Bxd1 18. Rxd1 Rae8 19. Qh4 Qxa4 20. Qh3 f5
21. Nd4 Bxd4 22. Rxd4 Qxc2 23. Bd2 Re4 24. Rxe4 fxe4 25. Qc3 Qxc3 26. bxc3 Nd3
27. Be3 a4 28. Ba2 a3 29. Bb1 a2 30. Bxa2 Ra8 31. h3 Rxa2 32. Kh2 Nxf2 33. Kg3
Nd1 34. Kf4 Rxg2 0-1

[Event "Chambly op"]
[Site "Chambly CAN"]
[Date "2022.04.01"]
[Round "1.9"]
[White "Beaudry, Marc-Andre"]
[Black "Batorshyn, Ilia"]
[Result "0-1"]
[WhiteElo "2020"]
[BlackElo "1706"]
[PlyCount "59"]
[EventDate "2022.04.01"]
[EventType "swiss"]
[EventRounds "5"]
[EventCountry "CAN"]

1. d4 Nf6 2. c4 e6 3. Nf3 d5 4. g3 Be7 5. Bg2 O-O 6. O-O c6 7. Nbd2 b6 8. Qc2
Bb7 9. e4 c5 10. exd5 exd5 11. dxc5 Bxc5 12. Nb3 Be7 13. Rd1 Qc7 14. Rd4 Bd6
15. Ng5 Nbd7 16. Qf5 Rfe8 17. Be3 h6 18. Nh3 dxc4 19. Bxb7 Qxb7 20. Rxd6 Re5
21. Qf4 cxb3 22. axb3 Rh5 23. Bd4 Kf8 24. Bxf6 Nxf6 25. Rxf6 gxf6 26. Qxf6 Kg8
27. Nf4 Rc5 28. b4 Qc6 29. Ne6 Rc1+ 30. Rxc1 0-1

[Event "Chambly op"]
[Site "Chambly CAN"]
[Date "2022.04.02"]
[Round "1.9"]
[White "Belanger, Mathieu-Olivier"]
[Black "Zhang, Chu Hang"]
[Result "0-1"]
[WhiteElo "1798"]
[BlackElo "2100"]
[PlyCount "132"]
[EventDate "2022.04.01"]
[EventType "swiss"]
[EventRounds "5"]
[EventCountry "CAN"]

1. e4 c5 2. Nf3 Nc6 3. b4 Nxb4 4. c3 Nc6 5. d4 cxd4 6. cxd4 e6 7. Nc3 Bb4 8.
Bd2 Nf6 9. Bd3 d5 10. e5 Nd7 11. O-O a6 12. Rc1 Nf8 13. Qb3 Ng6 14. Nb5 Be7 15.
Nc3 Na5 16. Qb1 Bd7 17. g3 b5 18. h4 Ba3 19. Rce1 Nc4 20. h5 Nxd2 21. Nxd2 Qg5
22. Nf3 Qxh5 23. Re3 Qg4 24. Kh2 Be7 25. Rh1 Bg5 26. Nxg5 Qxg5 27. Ne2 Nf8 28.
f4 Qe7 29. Kg2 Rc8 30. a4 bxa4 31. Bxa6 Ra8 32. Qb7 Rd8 33. Rc1 Ng6 34. Rc7 O-O
35. Rec3 Rb8 36. Qa7 Ra8 37. Qb6 Rfb8 38. Bb7 a3 39. Rc1 Nf8 40. Qb3 a2 41. Ra1
Qd8 42. Qb6 Ra7 43. Qxa7 Qxc7 44. Qxa2 Rxb7 45. Rc1 Qb8 46. Rc2 Bb5 47. Ng1 Bd3
48. Rd2 Be4+ 49. Kf2 h6 50. Ne2 Nd7 51. Nc3 Rb3 52. Nxe4 dxe4 53. Rc2 Qb5 54.
Qa8+ Nf8 55. Qxe4 Rb2 56. Rxb2 Qxb2+ 57. Kf3 Qb3+ 58. Kg4 Qd5 59. Qxd5 exd5 60.
f5 g6 61. fxg6 fxg6 62. Kf3 Ne6 63. Ke3 Kf7 64. Kd3 Ke7 65. Kc3 Kd7 66. Kb4 Kc6
0-1

[Event "Chambly op"]
[Site "Chambly CAN"]
[Date "2022.04.01"]
[Round "1.10"]
[White "Lepine, Yanick"]
[Black "Jacquet, Stephane"]
[Result "0-1"]
[WhiteElo "1616"]
[BlackElo "2010"]
[PlyCount "40"]
[EventDate "2022.04.01"]
[EventType "swiss"]
[EventRounds "5"]
[EventCountry "CAN"]

1. e4 d6 2. d4 g6 3. f4 Bg7 4. Nf3 Nf6 5. Bd3 c5 6. c3 cxd4 7. Nxd4 O-O 8. Nd2
e5 9. Ne2 Ng4 10. Nc4 exf4 11. Nxf4 Nc6 12. Be2 Nce5 13. Qxd6 Qe8 14. h3 Nxc4
15. Bxc4 Qxe4+ 16. Be2 Ne3 17. Bxe3 Qxe3 18. Nd5 Qe4 19. Kf2 Be6 20. Ne3 Be5
0-1

[Event "Chambly op"]
[Site "Chambly CAN"]
[Date "2022.04.01"]
[Round "1.11"]
[White "Singher, Jean-Pierre"]
[Black "Lemieux, Serge"]
[Result "1-0"]
[WhiteElo "2009"]
[BlackElo "1429"]
[PlyCount "51"]
[EventDate "2022.04.01"]
[EventType "swiss"]
[EventRounds "5"]
[EventCountry "CAN"]

1. d4 e6 2. c4 c6 3. Nf3 d5 4. Nc3 Nf6 5. e3 b6 6. Bd3 dxc4 7. Bxc4 b5 8. Bd3
Bb7 9. O-O h6 10. e4 Nbd7 11. d5 Nc5 12. dxc6 Ba6 13. Bxb5 Qxd1 14. Rxd1 Rc8
15. Bxa6 Nxa6 16. e5 Nd5 17. Nxd5 exd5 18. Be3 Nb4 19. a3 Nxc6 20. Rxd5 Be7 21.
Nd4 Nxd4 22. Bxd4 Rc7 23. Ra5 Rd7 24. Be3 O-O 25. Rxa7 Rfd8 26. Rxd7 1-0

[Event "Chambly op"]
[Site "Chambly CAN"]
[Date "2022.04.01"]
[Round "1.12"]
[White "Petelle, Alexandre"]
[Black "Latorre, Vincent"]
[Result "0-1"]
[WhiteElo "1398"]
[BlackElo "2062"]
[PlyCount "48"]
[EventDate "2022.04.01"]
[EventType "swiss"]
[EventRounds "5"]
[EventCountry "CAN"]

1. d4 Nf6 2. c4 e6 3. g3 Bb4+ 4. Bd2 a5 5. Bg2 O-O 6. Nf3 d5 7. a3 Be7 8. Qc2
c6 9. O-O dxc4 10. Qxc4 b5 11. Qc2 Ba6 12. Rd1 Qb6 13. b4 Nbd7 14. bxa5 Qc7 15.
Bf4 Qxa5 16. Ne5 Nxe5 17. dxe5 Nd5 18. e4 Nxf4 19. gxf4 b4 20. Nd2 bxa3 21. Nb3
Qb6 22. Rab1 Bb5 23. Rd6 Bxd6 24. exd6 a2 0-1

[Event "Chambly op"]
[Site "Chambly CAN"]
[Date "2022.04.01"]
[Round "1.13"]
[White "Turcotte, Jonathan"]
[Black "Bassal, Samuel"]
[Result "1-0"]
[WhiteElo "1982"]
[BlackElo "1974"]
[PlyCount "107"]
[EventDate "2022.04.01"]
[EventType "swiss"]
[EventRounds "5"]
[EventCountry "CAN"]

1. d4 e6 2. c4 Nf6 3. Nf3 d5 4. Nc3 b6 5. Bg5 Be7 6. e3 O-O 7. Bd3 Bb7 8. O-O
Nbd7 9. Qe2 c5 10. Rfd1 h6 11. Bh4 a6 12. a4 Re8 13. Rac1 Ne4 14. Bg3 Nxg3 15.
hxg3 Bf6 16. dxc5 bxc5 17. Bb1 Nb6 18. cxd5 exd5 19. a5 Bxc3 20. Rxc3 Nd7 21.
Qc2 g6 22. Ba2 c4 23. b3 Qxa5 24. bxc4 Rac8 25. Rc1 Kf8 26. Qb2 Rb8 27. Ra3 Qc5
28. cxd5 Qd6 29. Ra5 Nf6 30. Qd4 Rbd8 31. Rd1 Re4 32. Qc5 Rb4 33. Qxd6+ Rxd6
34. Ne5 Ne4 35. Nd3 Rb5 36. Rxb5 axb5 37. Nb4 Nc3 38. Rd2 Ne4 39. Rc2 Rd7 40.
Kh2 f5 41. f3 Nd6 42. Kg1 Kf7 43. Kf2 Kf6 44. Bb3 Nc4 45. Bxc4 bxc4 46. e4 Rc7
47. Ke3 Ke5 48. f4+ Kd6 49. e5+ Kc5 50. d6 Rd7 51. Nd3+ Kd5 52. Nb2 Ba6 53. Na4
Kc6 54. Kd4 1-0

[Event "Chambly op"]
[Site "Chambly CAN"]
[Date "2022.04.02"]
[Round "2.1"]
[White "Jacquet, Stephane"]
[Black "Chiku-Ratte, Olivier-Kenta"]
[Result "0-1"]
[WhiteElo "2010"]
[BlackElo "2475"]
[PlyCount "84"]
[EventDate "2022.04.01"]
[EventType "swiss"]
[EventRounds "5"]
[EventCountry "CAN"]

1. d4 Nf6 2. c4 g6 3. Nc3 Bg7 4. e4 d6 5. Be2 O-O 6. Nf3 c6 7. O-O e5 8. Re1
Na6 9. Be3 Ng4 10. Bg5 f6 11. Bh4 h5 12. h3 Nh6 13. dxe5 dxe5 14. Qc2 Nf7 15.
a3 Nc5 16. Rad1 Qc7 17. b4 Ne6 18. c5 Nf4 19. Bc4 Be6 20. Ne2 Bxc4 21. Qxc4
Nxe2+ 22. Qxe2 Rad8 23. Rxd8 Rxd8 24. Rd1 Rxd1+ 25. Qxd1 Qe7 26. Qd3 Qe6 27.
Nd2 Qa2 28. f3 Qa1+ 29. Kh2 Qd1 30. Bf2 Bh6 31. Be3 Bxe3 32. Qxe3 Kg7 33. f4
exf4 34. Qxf4 Qc1 35. Qe3 Ne5 36. Kg3 g5 37. Kf2 g4 38. Kg3 Kg6 39. Kf4 Qh1 40.
Kg3 h4+ 41. Kxh4 Qxg2 42. Qg3 Qxd2 0-1

[Event "Chambly op"]
[Site "Chambly CAN"]
[Date "2022.04.02"]
[Round "2.2"]
[White "Rodrigue-Lemieux, Shawn"]
[Black "Singher, Jean-Pierre"]
[Result "1-0"]
[WhiteElo "2418"]
[BlackElo "2009"]
[PlyCount "37"]
[EventDate "2022.04.01"]
[EventType "swiss"]
[EventRounds "5"]
[EventCountry "CAN"]

1. a3 d5 2. Nf3 Nf6 3. e3 c6 4. c4 e6 5. Nc3 Bd6 6. Qc2 O-O 7. d4 Nbd7 8. Bd3
dxc4 9. Bxc4 e5 10. dxe5 Nxe5 11. Nxe5 Bxe5 12. Bd2 Qe7 13. h3 Be6 14. Be2 Rfd8
15. Rd1 Bc7 16. O-O Qc5 17. e4 Be5 18. Be3 Bd4 19. Qd2 1-0

[Event "Chambly op"]
[Site "Chambly CAN"]
[Date "2022.04.02"]
[Round "2.3"]
[White "Tsukerman, Julia"]
[Black "Hebert, Jean"]
[Result "0-1"]
[WhiteElo "1943"]
[BlackElo "2402"]
[PlyCount "78"]
[EventDate "2022.04.01"]
[EventType "swiss"]
[EventRounds "5"]
[EventCountry "CAN"]

1. e4 e6 2. d4 d5 3. exd5 exd5 4. Nf3 Bd6 5. Bd3 Nf6 6. O-O O-O 7. Bg5 Bg4 8.
Nbd2 h6 9. Bh4 c5 10. dxc5 Bxc5 11. Nb3 Bb6 12. Be2 Nc6 13. c3 g5 14. Bg3 Ne4
15. Nfd4 Bxe2 16. Qxe2 Nxd4 17. Nxd4 Re8 18. Qd3 Qf6 19. Rfe1 Bxd4 20. cxd4 Qb6
21. f3 Nxg3 22. hxg3 Qxb2 23. Reb1 Qe2 24. Qf5 b6 25. Rc1 Qb2 26. Qxd5 Rad8 27.
Qb3 Qxd4+ 28. Kh2 Re3 29. Qc2 Rd3 30. Rf1 Rd2 31. Qc6 Qd6 32. Qc4 Rd4 33. Qe2
Rh4+ 34. Kg1 Qxg3 35. Rad1 Qc7 36. Rc1 Qh2+ 37. Kf2 Rhd4 38. Rc2 Qd6 39. Kg1
Rd2 0-1

[Event "Chambly op"]
[Site "Chambly CAN"]
[Date "2022.04.02"]
[Round "2.4"]
[White "Batorshyn, Ilia"]
[Black "Zheng, Richard"]
[Result "0-1"]
[WhiteElo "1706"]
[BlackElo "2170"]
[PlyCount "276"]
[EventDate "2022.04.01"]
[EventType "swiss"]
[EventRounds "5"]
[EventCountry "CAN"]

1. Nf3 Nf6 2. c4 c6 3. g3 d5 4. Bg2 Bg4 5. Ne5 Bf5 6. cxd5 cxd5 7. Nc3 e6 8.
Qa4+ Nbd7 9. g4 Bg6 10. h4 a6 11. Nxd7 Qxd7 12. Qxd7+ Nxd7 13. h5 Bc2 14. d4 h6
15. e4 dxe4 16. Kd2 Bd3 17. Nxe4 Bxe4 18. Bxe4 O-O-O 19. Ke2 Nf6 20. Bf3 Rxd4
21. Be3 Rb4 22. b3 Kb8 23. Rac1 Bd6 24. Rhd1 Bf4 25. Bc5 Bxc1 26. Bd6+ Ka7 27.
Bxb4 Rc8 28. Be7 Rc2+ 29. Kd3 Rc7 30. Bf8 Nd7 31. Bxg7 f6 32. Ke2 Bg5 33. Bh1
Ne5 34. Bf8 Nxg4 35. Be4 f5 36. Bd6 Rc8 37. Bd3 Nf6 38. f4 Nd5 39. Kf3 Bf6 40.
Bxf5 Nc3 41. Bxe6 Rc6 42. Rd3 Nxa2 43. b4 Nxb4 44. Rd2 Nc2 45. Bd7 Rc4 46. Be5
Bxe5 47. fxe5 Nd4+ 48. Kf2 Nc6 49. Re2 b5 50. Bxc6 Rxc6 51. e6 Rc8 52. e7 Re8
53. Re6 a5 54. Ke3 Kb7 55. Kd4 Kc7 56. Kc5 b4 57. Kb5 b3 58. Re2 Kd7 59. Kxa5
Rxe7 60. Rd2+ Ke6 61. Kb4 Rb7+ 62. Kc3 Kf6 63. Kb2 Rb5 64. Rg2 Rxh5 65. Kxb3
Rc5 66. Kb4 Rc6 67. Kb5 Rc3 68. Kb4 Re3 69. Kc4 Kf5 70. Kd4 Re6 71. Kd5 Re1 72.
Rh2 Rd1+ 73. Kc4 Kg6 74. Rg2+ Kh7 75. Rh2 Rd7 76. Kc5 Rd8 77. Kc6 Rd3 78. Kc5
Kg6 79. Rg2+ Kf5 80. Rh2 Kg5 81. Kc4 Rf3 82. Rg2+ Kh4 83. Rg6 h5 84. Kd4 Kh3
85. Ke4 Rf7 86. Ke3 h4 87. Ke2 Kh2 88. Rg5 h3 89. Rg6 Kh1 90. Rg3 Rf3 91. Rg7
Rf8 92. Rg5 Ra8 93. Kf2 Ra2+ 94. Kf1 Rg2 95. Rh5 Kh2 96. Rh6 Rg4 97. Kf2 Rg2+
98. Kf1 Rg5 99. Kf2 Rf5+ 100. Ke3 Kg3 101. Rg6+ Kh4 102. Rh6+ Kg3 103. Rg6+ Kh2
104. Ke2 Ra5 105. Kf3 Ra2 106. Rh6 Rg2 107. Rh7 Rg8 108. Kf2 Rf8+ 109. Ke2 Rf4
110. Ke3 Rf5 111. Ke4 Rf6 112. Ke3 Kg2 113. Rg7+ Kf1 114. Rh7 Rb6 115. Rf7+ Kg2
116. Rg7+ Kh1 117. Rg5 Rb2 118. Kf3 Rg2 119. Rh5 Kh2 120. Rh6 Rg7 121. Rh5 Rf7+
122. Ke2 Ra7 123. Kf3 Ra3+ 124. Kf2 Ra2+ 125. Kf3 Rb2 126. Rh6 Rb5 127. Kf2
Rf5+ 128. Ke3 Kg2 129. Rg6+ Kf1 130. Rh6 Rc5 131. Rf6+ Ke1 132. Rh6 Rc3+ 133.
Kf4 Kf2 134. Kg4 Kg2 135. Kf4 Rc4+ 136. Ke3 h2 137. Rg6+ Kh3 138. Kf2 h1=Q 0-1

[Event "Chambly op"]
[Site "Chambly CAN"]
[Date "2022.04.02"]
[Round "2.5"]
[White "Latorre, Vincent"]
[Black "Turcotte, Jonathan"]
[Result "0-1"]
[WhiteElo "2062"]
[BlackElo "1982"]
[PlyCount "154"]
[EventDate "2022.04.01"]
[EventType "swiss"]
[EventRounds "5"]
[EventCountry "CAN"]

1. e4 c6 2. d4 d5 3. exd5 cxd5 4. Bd3 Nc6 5. c3 Qc7 6. Ne2 Bg4 7. O-O Nf6 8.
Qe1 e6 9. f3 Bh5 10. Qh4 Bg6 11. Bxg6 fxg6 12. Bf4 Qb6 13. Re1 Kf7 14. Nd2 e5
15. Be3 Be7 16. Qf2 Qxb2 17. Rab1 Qxa2 18. Rxb7 Rab8 19. Nc1 Qc2 20. Rxb8 Rxb8
21. dxe5 Nxe5 22. Bxa7 Rb2 23. Ndb3 Nc6 24. Qxc2 Rxc2 25. Bd4 Nxd4 26. cxd4 Rc3
27. Kf2 Ba3 28. h3 Nh5 29. Re3 Rxc1 30. Nxc1 Bxc1 31. Rc3 Bb2 32. Rc7+ Kf6 33.
Ke3 Ng3 34. Kd3 Nf5 35. Rc5 Ke6 36. Ra5 h5 37. Ra2 Bc1 38. Ra6+ Kf7 39. Ra5 Ne7
40. g4 Bf4 41. Ra6 h4 42. Kc3 Be3 43. Kd3 Bf4 44. Kc3 Be3 45. Kd3 Bf2 46. Ra2
Bg3 47. Ra7 g5 48. Kc3 Ke6 49. Ra6+ Bd6 50. Ra7 Bb4+ 51. Kb3 Be1 52. Ra6+ Kd7
53. Kc2 Nc6 54. Ra1 Bf2 55. Kd3 Bxd4 56. Rb1 Bf6 57. Rb5 Kd6 58. Rb1 Ne5+ 59.
Ke3 Ng6 60. Rb6+ Kc5 61. Ra6 Nf4 62. Ra5+ Kb4 63. Ra8 Nxh3 64. Rb8+ Kc5 65.
Rc8+ Kd6 66. Rh8 Nf4 67. Rc8 Ke5 68. Re8+ Ne6 69. Ke2 d4 70. Kd3 Kd5 71. Ra8
Nf4+ 72. Kd2 h3 73. Rh8 d3 74. Rh7 Kc4 75. Rh8 Bc3+ 76. Ke3 Bd4+ 77. Kd2 Bg1
0-1

[Event "Chambly op"]
[Site "Chambly CAN"]
[Date "2022.04.02"]
[Round "2.6"]
[White "Adam, Rafael"]
[Black "Forest, Jimmy"]
[Result "1-0"]
[WhiteElo "2023"]
[BlackElo "1819"]
[PlyCount "109"]
[EventDate "2022.04.01"]
[EventType "swiss"]
[EventRounds "5"]
[EventCountry "CAN"]

1. d4 Nc6 2. Nf3 d5 3. Bf4 Nf6 4. h3 e6 5. e3 Bd6 6. c3 Ne7 7. Ne5 Ng6 8. Nxg6
hxg6 9. Nd2 Bxf4 10. exf4 Qd6 11. g3 b6 12. Bd3 Bb7 13. Qe2 c5 14. Nf3 cxd4 15.
Nxd4 Ne4 16. O-O-O Qc5 17. h4 Rc8 18. Bxe4 dxe4 19. Nb5 Bd5 20. Rhe1 O-O 21.
Nd4 Qa5 22. a3 Rc7 23. Qb5 Rc5 24. Qxa5 Rxa5 25. Nc2 Rc5 26. Rd4 f5 27. Ne3 Rf7
28. Red1 Rd7 29. Kc2 b5 30. R1d2 Kf8 31. b4 Rc6 32. Nxd5 exd5 33. Rxd5 Rdc7 34.
Rxb5 Rxc3+ 35. Kb2 e3 36. fxe3 Rxe3 37. Rc5 Rce7 38. Rc3 Re1 39. Kb3 Rb7 40.
Rd5 Re2 41. Rdc5 Ree7 42. a4 Ke8 43. Rc6 Re4 44. b5 a5 45. Ra6 Rb4+ 46. Ka3 Rd7
47. Rxa5 Rb1 48. Ra8+ Ke7 49. Rac8 Ra1+ 50. Kb4 Rb1+ 51. Rb3 Ra1 52. b6 Rd4+
53. Kb5 Rd5+ 54. Rc5 Rd4 55. b7 1-0

[Event "Chambly op"]
[Site "Chambly CAN"]
[Date "2022.04.02"]
[Round "2.8"]
[White "Chabot, Roland"]
[Black "Kot, Emanuel"]
[Result "1/2-1/2"]
[WhiteElo "2204"]
[BlackElo "1829"]
[PlyCount "109"]
[EventDate "2022.04.01"]
[EventType "swiss"]
[EventRounds "5"]
[EventCountry "CAN"]

1. d4 d5 2. c4 e6 3. Nc3 Nf6 4. cxd5 Nxd5 5. e4 Nxc3 6. bxc3 c5 7. a3 cxd4 8.
cxd4 Nc6 9. Nf3 Be7 10. Bd3 O-O 11. Bb2 b6 12. O-O Bb7 13. Qe2 Rc8 14. Rad1 Nb8
15. Rfe1 Nd7 16. d5 exd5 17. exd5 Bf6 18. Bf5 Bxb2 19. Qxb2 Rc5 20. Re3 Rxd5
21. Rxd5 Bxd5 22. Bxd7 Qxd7 23. Ne5 Qc7 24. h3 Rc8 25. Qd4 Be6 26. Rg3 f6 27.
Ng4 Bxg4 28. Qxg4 Re8 29. Qh5 Re1+ 30. Kh2 Re5 31. Qf3 Rg5 32. Qe4 Re5 33. Qf3
Qb8 34. Qxf6 Qc7 35. Qf3 Re8 36. Qb3+ Kh8 37. Qb4 a5 38. Qb5 Re5 39. Qa6 h6 40.
f4 Rf5 41. Qa8+ Kh7 42. Qe8 Rf6 43. Qe4+ Kg8 44. Qe8+ Kh7 45. Qe4+ Kg8 46. Qe8+
Rf8 47. Qe6+ Kh8 48. Qe5 Qxe5 49. fxe5 b5 50. Rd3 Rb8 51. e6 Kg8 52. e7 Re8 53.
Rd7 Kf7 54. Rb7 Rxe7 55. Rxb5 1/2-1/2

[Event "Chambly op"]
[Site "Chambly CAN"]
[Date "2022.04.02"]
[Round "2.10"]
[White "Tanaka, Tyler"]
[Black "Jiang, Barron Jiyu"]
[Result "1-0"]
[WhiteElo "2255"]
[BlackElo "1730"]
[PlyCount "87"]
[EventDate "2022.04.01"]
[EventType "swiss"]
[EventRounds "5"]
[EventCountry "CAN"]

1. Nf3 d5 2. g3 Nf6 3. Bg2 c5 4. O-O e6 5. d4 Be7 6. c4 O-O 7. cxd5 exd5 8.
dxc5 Bxc5 9. a3 Bf5 10. b4 Bb6 11. Nc3 Nc6 12. Bb2 Re8 13. Na4 Rc8 14. Rc1 Qe7
15. e3 Bg4 16. Nxb6 axb6 17. Bxf6 Qxf6 18. Qxd5 Rcd8 19. Qg5 Qxg5 20. Nxg5 Ne5
21. Rc7 h6 22. h3 Be2 23. Re1 Rd2 24. Ne4 Rb2 25. Nd6 Rd8 26. Rc8 Rxc8 27. Nxc8
b5 28. Ne7+ Kh7 29. Nd5 Bc4 30. Nf4 Ra2 31. Bxb7 g5 32. Nh5 Nd3 33. Be4+ Kh8
34. Bxd3 Bxd3 35. Rc1 Rxa3 36. g4 Rb3 37. e4 Rxb4 38. Rc8+ Kh7 39. e5 f5 40.
Rc7+ Kh8 41. e6 Re4 42. Rc8+ Kh7 43. Nf6+ Kg6 44. Nxe4 1-0

[Event "Chambly op"]
[Site "Chambly CAN"]
[Date "2022.04.02"]
[Round "2.11"]
[White "Lemieux, Serge"]
[Black "Beaudry, Marc-Andre"]
[Result "0-1"]
[WhiteElo "1429"]
[BlackElo "2020"]
[PlyCount "68"]
[EventDate "2022.04.01"]
[EventType "swiss"]
[EventRounds "5"]
[EventCountry "CAN"]

1. d4 Nf6 2. Bg5 d5 3. Bxf6 gxf6 4. e3 c5 5. dxc5 e5 6. b4 a5 7. c3 Nc6 8. Bb5
Rg8 9. g3 Bg4 10. f3 Be6 11. Ne2 Qc7 12. Nd2 b6 13. Nb3 axb4 14. cxb4 bxc5 15.
Na5 Rxa5 16. Bxc6+ Qxc6 17. bxa5 Bd6 18. Qc2 f5 19. Kf2 Ke7 20. Rhd1 Ra8 21.
Qd2 Bc7 22. Nc3 Rd8 23. Rab1 Qa6 24. Na4 c4 25. Nc5 Qxa5 26. Qxa5 Bxa5 27. Nb7
Ra8 28. Nxa5 Rxa5 29. Rb7+ Kd6 30. Rd2 c3 31. Rc2 d4 32. Rb6+ Kc5 33. Rxe6 fxe6
34. e4 Kc4 0-1

[Event "Chambly op"]
[Site "Chambly CAN"]
[Date "2022.04.02"]
[Round "2.12"]
[White "Chaurette, Laurent"]
[Black "Lepine, Yanick"]
[Result "1-0"]
[WhiteElo "1915"]
[BlackElo "1616"]
[PlyCount "69"]
[EventDate "2022.04.01"]
[EventType "swiss"]
[EventRounds "5"]
[EventCountry "CAN"]

1. d4 d5 2. c4 c6 3. Nf3 Nf6 4. e3 Bg4 5. Nc3 e6 6. h3 Bxf3 7. Qxf3 Nbd7 8. Bd3
Be7 9. O-O Qc7 10. Bd2 a6 11. cxd5 cxd5 12. Rac1 Qd8 13. e4 dxe4 14. Nxe4 O-O
15. Bf4 Nd5 16. Bg3 N7f6 17. Rfd1 Rc8 18. Be5 b5 19. a3 Qb6 20. Qg3 Rfd8 21.
Nc3 Nxc3 22. Rxc3 Ne8 23. Rdc1 Rxc3 24. Rxc3 f6 25. Qh4 g6 26. Be4 Qa7 27. Bf4
f5 28. Bg5 Bxg5 29. Qxg5 Qxd4 30. Rd3 Qxd3 31. Bxd3 Rxd3 32. Qe7 Ng7 33. Qb7
Rb3 34. Qc8+ Kf7 35. Qc2 1-0

[Event "Chambly op"]
[Site "Chambly CAN"]
[Date "2022.04.02"]
[Round "2.13"]
[White "Bassal, Samuel"]
[Black "Di Matteo, Alessio"]
[Result "1-0"]
[WhiteElo "1974"]
[BlackElo "1961"]
[PlyCount "79"]
[EventDate "2022.04.01"]
[EventType "swiss"]
[EventRounds "5"]
[EventCountry "CAN"]

1. d4 Nf6 2. Nf3 e6 3. c4 Bb4+ 4. Bd2 Qe7 5. Nc3 O-O 6. e3 Nc6 7. a3 Bxc3 8.
Bxc3 d6 9. Qc2 e5 10. d5 Nb8 11. Be2 Nbd7 12. e4 b6 13. Nd2 Bb7 14. O-O Rfe8
15. Rfd1 Nf8 16. Nf1 Ng6 17. Ne3 Nf4 18. Nf5 Qf8 19. Bf1 Bc8 20. Ne3 g6 21. f3
h5 22. h4 g5 23. g3 Ng6 24. hxg5 Nh7 25. Qh2 Nxg5 26. Qxh5 Qe7 27. Nf5 Qf6 28.
Bd3 Bxf5 29. exf5 Ne7 30. Bd2 Nh7 31. Kg2 Kg7 32. Rh1 Rh8 33. Bh6+ Kg8 34. Qg4+
Ng6 35. fxg6 Nf8 36. Bxf8 Rxf8 37. Rxh8+ Qxh8 38. gxf7+ Kxf7 39. Qd7+ Kf6 40.
Qe6+ 1-0

[Event "Chambly op"]
[Site "Chambly CAN"]
[Date "2022.04.02"]
[Round "2.14"]
[White "Cote, Etienne"]
[Black "Petelle, Alexandre"]
[Result "1-0"]
[WhiteElo "1833"]
[BlackElo "1398"]
[PlyCount "20"]
[EventDate "2022.04.01"]
[EventType "swiss"]
[EventRounds "5"]
[EventCountry "CAN"]

1. e4 e6 2. d4 d5 3. Nc3 Bb4 4. e5 b6 5. Qg4 Ne7 6. Qxg7 Rg8 7. Qxh7 Ba6 8. Nf3
Bxf1 9. Kxf1 Bxc3 10. bxc3 c5 1-0

[Event "Chambly op"]
[Site "Chambly CAN"]
[Date "2022.04.02"]
[Round "3.1"]
[White "Chiku-Ratte, Olivier-Kenta"]
[Black "Zheng, Richard"]
[Result "1/2-1/2"]
[WhiteElo "2475"]
[BlackElo "2170"]
[PlyCount "134"]
[EventDate "2022.04.01"]
[EventType "swiss"]
[EventRounds "5"]
[EventCountry "CAN"]

1. d4 d5 2. c4 c6 3. Nf3 Nf6 4. e3 Bf5 5. Nc3 e6 6. Nh4 Be4 7. f3 Bg6 8. Qb3
Qb6 9. Nxg6 hxg6 10. c5 Qc7 11. e4 Be7 12. exd5 exd5 13. g3 Nbd7 14. Bf4 Qc8
15. Bg2 Nf8 16. O-O Ne6 17. Be3 Qc7 18. Rfe1 Nh5 19. Bf2 O-O 20. Rac1 Rfe8 21.
Ne2 Qd7 22. Qc2 Bd8 23. b4 a6 24. a4 Bc7 25. Qd2 f5 26. Qd3 Kf7 27. Be3 Nf6 28.
Bd2 Rh8 29. h3 Nh5 30. f4 Nf6 31. Nc3 Ne4 32. Ne2 Nf6 33. Be3 Ne4 34. Rb1 Bd8
35. Qb3 Nc7 36. Kh2 Nf6 37. Kg1 Ne4 38. g4 Nf6 39. gxf5 gxf5 40. Ng3 Nh5 41.
Nf1 Bh4 42. Nh2 g6 43. Nf3 Bf6 44. Qd3 Ng3 45. Rb2 Ne4 46. Reb1 Rag8 47. Ne5+
Bxe5 48. fxe5 Ke6 49. b5 axb5 50. axb5 Nxb5 51. Rxb5 cxb5 52. Rxb5 Rc8 53. Qb3
Rh7 54. Ra5 Qd8 55. Rb5 Qh4 56. Kf1 Qg3 57. Rxb7 Rxb7 58. Qxb7 Qxe3 59. Qxc8+
Ke7 60. Qc7+ Ke6 61. Bxe4 Qf4+ 62. Kg1 Qe3+ 63. Kh2 Qf4+ 64. Kg1 Qe3+ 65. Kf1
Qf4+ 66. Kg1 Qe3+ 67. Kh2 Qf4+ 1/2-1/2

[Event "Chambly op"]
[Site "Chambly CAN"]
[Date "2022.04.02"]
[Round "3.2"]
[White "Turcotte, Jonathan"]
[Black "Rodrigue-Lemieux, Shawn"]
[Result "0-1"]
[WhiteElo "1982"]
[BlackElo "2418"]
[PlyCount "88"]
[EventDate "2022.04.01"]
[EventType "swiss"]
[EventRounds "5"]
[EventCountry "CAN"]

1. d4 Nf6 2. c4 e6 3. Nf3 d5 4. Bg5 h6 5. Bh4 dxc4 6. Qa4+ Nc6 7. Qxc4 Bb4+ 8.
Nc3 g5 9. Bg3 g4 10. Ne5 Qxd4 11. e3 Qxc4 12. Bxc4 Ne4 13. Nxc6 bxc6 14. Ke2
Bxc3 15. bxc3 Nxc3+ 16. Kd3 Nb5 17. Ke2 Nd6 18. Bd3 f6 19. Rhc1 Bd7 20. e4 e5
21. f4 gxf3+ 22. gxf3 h5 23. Bh4 Kf7 24. Rf1 Rab8 25. Rac1 Rb2+ 26. Rc2 Rxc2+
27. Bxc2 Be6 28. f4 Bc4+ 29. Bd3 Bxd3+ 30. Kxd3 Rd8 31. Ke2 Nxe4 32. fxe5 Nc3+
33. Ke3 Nd5+ 34. Ke4 Rg8 35. Bxf6 Rg4+ 36. Kd3 Rg2 37. h4 Rxa2 38. Rf5 Ke6 39.
Rg5 Rg2 40. Rxg2 Nf4+ 41. Ke4 Nxg2 42. Bd8 a5 43. Bxc7 a4 44. Bd6 Nxh4 0-1

[Event "Chambly op"]
[Site "Chambly CAN"]
[Date "2022.04.02"]
[Round "3.3"]
[White "Hebert, Jean"]
[Black "Adam, Rafael"]
[Result "1-0"]
[WhiteElo "2402"]
[BlackElo "2023"]
[PlyCount "59"]
[EventDate "2022.04.01"]
[EventType "swiss"]
[EventRounds "5"]
[EventCountry "CAN"]

1. Nf3 Nf6 2. c4 c5 3. Nc3 e6 4. e3 Be7 5. d4 cxd4 6. exd4 d5 7. Bd3 O-O 8. O-O
Nc6 9. a3 dxc4 10. Bxc4 a6 11. Re1 b5 12. Ba2 Bb7 13. Bg5 Nd5 14. Bxe7 Ncxe7
15. Ne4 Nf6 16. Nfg5 Nxe4 17. Nxe4 Bxe4 18. Rxe4 Nd5 19. Qd2 Rc8 20. Rae1 Qd6
21. Rg4 Nf6 22. Rxg7+ Kxg7 23. Qg5+ Kh8 24. Qxf6+ Kg8 25. Qg5+ Kh8 26. Qf6+ Kg8
27. d5 Rfe8 28. dxe6 fxe6 29. Rxe6 Qd1+ 30. Re1+ 1-0